Artists with most No.1 Albums - Statistics

General Stats
  • This quiz has been taken 91 times
  • The average score is 17 of 50
Answer Stats
# Artist % Correct
15 The Beatles
96%
10 Michael Jackson
88%
13 Elvis Presley
81%
13 The Rolling Stones
81%
12 Madonna
75%
7 Elton John
63%
10 Queen
62%
8 Led Zeppelin
60%
6 Pink Floyd
52%
10 U2
51%
7 George Michael
49%
12 Bruce Springsteen
48%
6 Genesis
47%
8 Oasis
45%
10 Eminem
44%
10 Rod Stewart
44%
9 ABBA
42%
6 Phil Collins
42%
9 Bob Dylan
40%
7 Cliff Richard
38%
13 Robbie Williams
38%
11 David Bowie
37%
7 Paul McCartney
37%
8 Coldplay
36%
7 Taylor Swift
36%
6 Blur
34%
5 The Police
32%
8 Take That
30%
5 Celine Dion
27%
5 Paul Simon
27%
8 R.E.M.
26%
5 Bon Jovi
22%
7 Barbra Streisand
21%
8 Kylie Minogue
19%
6 Radiohead
19%
5 Boyzone
18%
8 Westlife
16%
5 Simply Red
14%
5 Simple Minds
12%
6 Paul Weller
11%
6 Arctic Monkeys
8%
6 Killers
7%
5 Keane
5%
6 Muse
5%
6 Chemical Brothers
4%
7 Stereophonics
4%
5 Erasure
3%
6 Kings of Leon
3%
7 Prodigy
3%
5 The Script
1%
No matching quizzes found
Score Distribution
Percent of People with Each Score
Percentile by Number Answered
Your Score History
You have not taken this quiz